Pas mal non ? C’est français. - Statistiques

Statistiques générales
  • Ce quiz a été pris 186 fois
  • Le résultat moyen est 16 sur 20
Statistiques - réponses
Indice Réponse % Correct
Le stylo le plus vendu au monde. Bic Cristal
97%
Musée le plus visité au monde, où vous pourrez venir admirer entre autre La Joconde. Le Musée du Louvre
97%
Concurrent français de Spotify. Deezer
93%
Invention que l'on doit aux frères Auguste et Louis Lumières, à l'origine du "septième art". Le cinématographe
93%
Le crocodile le plus célèbre de la mode. Lacoste
92%
Récipient à détritus nommé d'après un ancien préfet, Eugène de son prénom. La poubelle
92%
Vin pétillant spécifique à une seule région, synonyme de célébration partout dans le monde. Le champagne
88%
Il pouvait relier Paris à New York en seulement 3h30. Le Concorde
88%
⠨⠎⠽⠎⠞⠮⠍⠑ ⠙⠄⠿⠉⠗⠊⠞⠥⠗⠑ ⠊⠝⠧⠑⠝⠞⠿ ⠏⠁⠗ ⠨⠇⠕⠥⠊⠎ ⠨⠃⠗⠁⠊⠇⠇⠑⠲ Le braille
85%
Entreprise qui fabrique plus de la moitié des avions de ligne produits dans le monde. Airbus
82%
Trois lettres qui vous propulsent à plus de 300 km/h. TGV
82%
Elle a fait plus d'un milliard de vues sur YouTube avec sa chanson Dernière danse. Indila
81%
Vous voulez un pneu ? Pas de soucis. Une bonne adresse de restaurant aussi ? N'en dites pas plus. Michelin
80%
C'est plus facile avec un Kodak ou même un simple smartphone, mais Nicéphore Niépce l'a fait bien avant, dès 1827. La photographie
79%
Mis au point par Louis Pasteur en 1885. Le vaccin contre la rage
79%
Service de covoiturage disponible dans une vingtaine de pays. Blablacar
78%
Programme spatial ayant Kourou comme base de lancement. Ariane
63%
Rayman, Assassin's Creed et Just Dance, c'est eux. Ubisoft
63%
Lecteur multimédia gratuit, dont le logo est un cône de chantier VLC Media player
60%
Après la Bible, ce roman de 1943 est le livre plus traduit au monde. Le Petit Prince
49%
Aucun quiz correspondant
Distribution des résultats
% des personnes avec chaque résultat
Percentile par nombre de réponses
Votre historique - résultats
Vous n’avez pas pris ce quiz